| 000 | 00988nam a2200265 a 4500 | ||
|---|---|---|---|
| 001 | 000032101 | ||
| 003 | DO-SdBNP | ||
| 005 | 20250318151031.0 | ||
| 008 | 110712s1992 xxuabc 001 0 spa d | ||
| 040 |
_aDO-SdBNP _bspa _cBNPHU |
||
| 049 | _aBNPD | ||
| 082 |
_a972.9301 _bR863t |
||
| 100 | 1 |
_aRouse, Irving, _d1913-2006 _958220 |
|
| 245 | 1 | 4 |
_aThe tainos : _brise & decline of the people who greeted Columbus / _cIrving Rouse. |
| 260 |
_aNew Haven, Estados Unidos : _bYale University Press, _c1992. |
||
| 300 |
_a211 p. : _bil., mapas ; _c24 cm. |
||
| 500 | _aBibliografía: p.187-201. | ||
| 600 | 0 |
_aCOLÓN, CRISTOBAL, _d1436-1456 _919795 |
|
| 650 | 4 |
_aIndígenas de las antillas _xHistoria _944150 |
|
| 650 | 4 |
_aTaínos _xVida social y costumbres _944131 |
|
| 650 | 4 |
_aTaínos _xReligión y mitología _944152 |
|
| 651 | 4 |
_aAmérica -- _xDescubrimiento y exploración -- _xEspañoles _9544 _vEnsayo, conferencias, etc. |
|
| 910 | _aValidado. Control de calidad EMS | ||
| 942 |
_2ddc _cLBS1 |
||
| 999 |
_c31592 _d31592 |
||